A Psychosocial Understanding of Self-Injury and Trauma (Record no. 88759)

MARC details
000 -LEADER
fixed length control field 00761nam a22002417a 4500
003 - CONTROL NUMBER IDENTIFIER
control field URS
005 - DATE AND TIME OF LATEST TRANSACTION
control field 20251120130711.0
008 - FIXED-LENGTH DATA ELEMENTS--GENERAL INFORMATION
fixed length control field 251111b ||||| |||| 00| 0 eng d
020 ## - INTERNATIONAL STANDARD BOOK NUMBER
International Standard Book Number 9780335249572
040 ## - CATALOGING SOURCE
Transcribing agency URS
050 ## - LIBRARY OF CONGRESS CALL NUMBER
Classification number RC 321
Item number .L576 2022
100 ## - MAIN ENTRY--PERSONAL NAME
Personal name Long, Maggie
Relator term author
245 ## - TITLE STATEMENT
Title A Psychosocial Understanding of Self-Injury and Trauma
Remainder of title Wounds and Their Meanings /
Statement of responsibility, etc. Long, Maggie
264 ## - PRODUCTION, PUBLICATION, DISTRIBUTION, MANUFACTURE, AND COPYRIGHT NOTICE
Place of production, publication, distribution, manufacture London
Name of producer, publisher, distributor, manufacturer Open International Publishing Limited
Date of production, publication, distribution, manufacture, or copyright notice ©2022
300 ## - PHYSICAL DESCRIPTION
Extent 153 pages.,:
Dimensions 23 cm.
336 ## - CONTENT TYPE
Source rdacontent
Content type term text
337 ## - MEDIA TYPE
Source rdamedia
Media type term unmediated
338 ## - CARRIER TYPE
Source rdacarrier
Materials specified volume
650 #0 - SUBJECT ADDED ENTRY--TOPICAL TERM
9 (RLIN) 14268
Topical term or geographic name entry element Self-injurious behavior
650 #0 - SUBJECT ADDED ENTRY--TOPICAL TERM
9 (RLIN) 14269
Topical term or geographic name entry element Self-mutilation
650 #0 - SUBJECT ADDED ENTRY--TOPICAL TERM
9 (RLIN) 14270
Topical term or geographic name entry element Self-mutilation
General subdivision Treatment
942 ## - ADDED ENTRY ELEMENTS (KOHA)
Source of classification or shelving scheme Library of Congress Classification
Koha item type Foreign Books
Holdings
Withdrawn status Source of classification or shelving scheme Damaged status Not for loan Collection code Home library Current library Date acquired Total Checkouts Full call number Barcode Date last seen Price effective from Koha item type
  Library of Congress Classification     Non-fiction Morong College Library Morong College Library 11/11/2025   RC 321 .L576 2022 URSMOR-CL-30757 11/11/2025 11/11/2025 Foreign Books

University of Rizal System
Email us at univlibservices@urs.edu.ph

Visit our Website www.urs.edu.ph/library